skbl

Dr Suryya Kumar Bhuyan Library Web-OPAC
ডঃ সূৰ্য্য
কুমাৰ ভূঞা পুথিভঁৰাল ৱেব-অ'পেক

All Research Scholars are advised to clear the annual library fees to continue using Library Resources, Remote Access, Plagiarism Test and Library Clearance.

Cotton University Book Fair 2026

Asamar Padya-Buranji : A Metrical chronicle of Assam / (Record no. 703)

MARC details
000 -LEADER
fixed length control field 00526nam a2200181Ia 4500
001 - CONTROL NUMBER
control field 705
008 - FIXED-LENGTH DATA ELEMENTS--GENERAL INFORMATION
fixed length control field 210120s1932 ii a g b000 u asm u
082 ## - DEWEY DECIMAL CLASSIFICATION NUMBER
Classification number 954.1
100 ## - MAIN ENTRY--PERSONAL NAME
Personal name Bhuyan, S.K. .
245 #0 - TITLE STATEMENT
Title Asamar Padya-Buranji : A Metrical chronicle of Assam /
Statement of responsibility, etc. S.K.Bhuyan.
Medium Textual Documents
260 ## - PUBLICATION, DISTRIBUTION, ETC.
Place of publication, distribution, etc. Assam :
Name of publisher, distributor, etc. Dept.of Historical & Antiquarian studies ,
Date of publication, distribution, etc. 1932.
300 ## - PHYSICAL DESCRIPTION
Extent 308p. :
Other physical details ill ;
Dimensions 22cm. .
500 ## - GENERAL NOTE
General note 148/Ref/Ass
653 ## - INDEX TERM--UNCONTROLLED
Uncontrolled term Indian History
653 ## - INDEX TERM--UNCONTROLLED
Uncontrolled term Ref-Ass
653 ## - INDEX TERM--UNCONTROLLED
Uncontrolled term T/G-History
942 ## - ADDED ENTRY ELEMENTS (KOHA)
Source of classification or shelving scheme Dewey Decimal Classification
Koha item type Books
Holdings
Withdrawn status Lost status Damaged status Not for loan Home library Current library Date acquired Coded location qualifier Cost, normal purchase price Total checkouts Full call number Barcode Date last seen Copy number Price effective from Koha item type
        Dr. Suryya Kumar Bhuyan Library Dr. Suryya Kumar Bhuyan Library 01/02/2012 00000 3.00   954.1 B 469 As 43364/62Hi 13/01/2024 1 01/02/2012 Books
      Not for loan Dr. Suryya Kumar Bhuyan Library Dr. Suryya Kumar Bhuyan Library 01/02/2012 00000 3.00   954.1 B 469 As 148/As 13/01/2024 2 01/02/2012 Books
        Dr. Suryya Kumar Bhuyan Library Dr. Suryya Kumar Bhuyan Library 01/02/2012 00000 3.00   954.1 B 469 As 43342 13/01/2024 3 01/02/2012 Books

Designed and Maintained by Team SKBL
©1901-2026

Powered by Koha